00402pab a2200145 454500008004000000100002000040245005500060260000900115300001500124362001100139650003500150650001300185650002400198773003400222180718b1995 xxu||||| |||| 00| 0 eng d aMukhia, Harbans aCommunal violence and transmutation of identities. c1995 ap.1365-368 a10 Jun aIsraeli - Palestinian conflict aViolence aCommunalism - India aEconomic and Political Weekly